| 000 | 03847nam a22004097a 4500 | ||
|---|---|---|---|
| 001 | BRCA_8528 | ||
| 002 | W-144 | ||
| 003 | FranzMayer | ||
| 005 | 20260505134939.0 | ||
| 006 | a||||gr|||| 00| 0 | ||
| 007 | ad |azz| | ||
| 008 | 251006s1657 ne b|||g |||| 00| 0 lat d | ||
| 040 |
_aBMFM _bspa |
||
| 041 | 0 | _alat | |
| 050 | 4 |
_aG1059 _b.A85 1657 |
|
| 100 | 1 |
_aJanssonius, Johannes _d(1588-1664) _eautor _eeditor _930057 |
|
| 245 | 1 | 0 |
_aAtlantis majoris quinta pars, orbem maritimum, seu Omnium Marium Orbis Terrarum Navigationibus hodierno temporum frequentatorum descriptionem accuratissimam continens / _cJohannes Janssonius |
| 246 | 1 | 1 | _aQuinta parte del Atlas Mayor, que contiene una descripción sumamente precisa del mundo marítimo, o de todos los mares del mundo entero, frecuentados por la navegación en la actualidad |
| 260 |
_aAmsterdam, Países Bajos : _bJohannes, Janssonius, _c1657 |
||
| 300 |
_a326 páginas : _bgrabado ; _c52.3 x 24.5 x 6 cm |
||
| 520 | 3 |
_aAltas, publicado por primera vez en 1638 en holandés. Tiempo después, en 1650 y 1657, se editó en latín como la "quinta pars" de "Atlas Novus" de Janssonius. _b El presente ejemplar corresponde a la edición de 1650. Ha sido considerado el primer Atlas marítimo de los Países Bajos y el antecedente de otros atlas holandeses producidos por cartógrafos como Colom, Doncker y Goos. Compila en su interior varias cartas marinas, grabadas a doble página, en las que se representaron las aguas navegables y costas del mundo. |
|
| 563 | _aOtras referencias físicas: Encuadernación entera en pergamino. El papel del cuerpo del libro está formado por pulpa de trapo, hecho a mano, con marcas de verjurado. El cuerpo del libro está formado por cuadernillos unidos mediante costura seguida sobre seis soportes de costura sencillos y elevados, de piel alumada. No es claro si las prolongaciones de los soportes se usaron para enlazar el cuerpo a la cartera o si fueron añadidas. Los cuadernillos parecen ser escartivanas a las que se adhirieron láminas y hojas. Las hojas de guarda son reposiciones y tienen la marca de agua Gacela Bond. Lomera ligeramente redonda con endoses de tela en los siete paneles. Cabezadas perdidas. Cantos del cuerpo refinados, dorados y pulidos. Decoración con dorado en tapas y lomo. Tejuelo rojo en la casilla dos del lomo. Soportes de cartón en las tapas y dentro de la cartera una cubierta de pergamino. La cartera tiene extensiones en el frente y sus cierres están perdidos. Texto impreso | ||
| 591 | _aEstado de Conservación: Bueno | ||
| 591 | _bDescripción de conservación: Libro con intervenciones: hojas de guarda repuestas y reforzadas. Presenta manchas y suciedad leve (especialmente en las primeras y últimas páginas), algunas roturas y dobleces en las láminas, galerías, foxing, oxidación del papel, roturas en la cartera y faltante en el lomo. Cierres perdidos | ||
| 592 | _aMarcas Adicionales: 32 cartas geográficas grabadas a doble página. Índice de tablas geográficas e hidrográficas. Nota manuscrita en la portada: [Marco Orion Bermedo...]. Texto a dos columnas con apostillas marginales. Letras iniciales, xilografías. Portada con grabados calcográficos con escenas del Antiguo Testamento, la cartografía y la navegación | ||
| 593 | _aAtlas geográficos | ||
| 648 | 0 |
_aViceroyalty period _yViceroyalty (1535-1821) _930116 |
|
| 650 | 1 | 0 |
_aAncient geography _930058 |
| 650 | 1 | 0 |
_aCartography _xHistory _y17th century _930121 |
| 650 | 1 | 0 |
_aNavigation _xHistory _930061 |
| 655 | 0 |
_aAtlases _xHistory _y17th century _930064 |
|
| 655 | 0 |
_aAtlases _yEarly works to 1800 _zNetherlands _930065 |
|
| 856 | 4 | 1 |
_qTIF//PDF _uhttps://bibliotecadigital.franzmayer.org.mx/items/ca6a522f-f22c-4960-afe0-42fa0778d5ec _yBiblioteca Digital Franz Mayer |
| 902 |
_aKH _aTV _aFM |
||
| 942 |
_2lcc _cB |
||
| 960 | _aCS-L1-N1 | ||
| 999 |
_c11093 _d11093 |
||